Sports Quiz

Random Sports or Rugby Quiz

Guiness Pro 12 Rugby Try Scorers Quiz Stats

 Plays Quiz not verified by Sporcle

Score 0/23 Timer 08:00
0 Plays Today
Trys Player % Correct
34Shane Williams
90.6%
26Nick Williams
89.8%
62Tommy Bowe
84.4%
39Shane Horgan
61.7%
27Gordon D'arcy
56.3%
58Tim Visser
54.7%
26Jonathan Davies
51.6%
43Andrew Trimble
49.2%
25Sean Lamont
48.4%
31Craig Gilroy
46.9%
26Simon Zebo
46.1%
28Denis Hickie
39.8%
Trys Player % Correct
33Tom James
38.3%
41DTH Van Der Merwe
35.2%
36Nikki Walker
26.6%
30Aled Brew
21.9%
30Simon Danielli
11.7%
26Darren Cave
11.7%
36Fionn Carr
10.9%
28Simon Webster
10.9%
31Matthew Watkins
6.3%
29Richard Fussell
6.3%
25Gareth Wyatt
2.3%

You're not logged in!

Compare scores with friends on all Sporcle quizzes.
OR
Log In

Sporcle TV

Today on Sporcle TV


Watch our educational content, quiz creation guides, and fun videos on Sporcle TV.

Show Comments

Extras

Top Quizzes Today


Score Distribution

Your Account Isn't Verified!

In order to create a playlist on Sporcle, you need to verify the email address you used during registration. Go to your Sporcle Settings to finish the process.

Report this User

Report this user for behavior that violates our Community Guidelines.

Details: